000 00359nam a2200133Ia 4500
008 191108s9999 xx 000 0 und d
020 _a9.7896259332e+012
245 _aThai cooking /
260 _aSingapore :
_bBerkeley Books Pte. Ltd
_c1996
300 _a111 pages:
_bColored ill.
500 _aIncludes index.
650 _aCooking-- Thai
650 _aFood
999 _c362513
_d362513